| 000 | 01082nam a22002897a 4500 | ||
|---|---|---|---|
| 001 | 104718 | ||
| 003 | UA-OsUOA | ||
| 005 | 20220905154704.0 | ||
| 007 | ta | ||
| 008 | 20140127b un ||||| |||| 00| 0 ukr d | ||
| 020 | _a9786175181942 | ||
| 040 |
_aUA-OsUOA _bukr _cUA-OsUOA _dUA-OsUOA |
||
| 041 | _aukr | ||
| 080 | _a23/28 | ||
| 090 |
_a23/28 _bЯ46 |
||
| 100 | _aЯкобчук Л. | ||
| 245 |
_aХристиянська сторінка _bза статтями однойменної рубрики журналу "Бористен" (2009–2012 роки) _cЛеонід Якобчук, Лев Хмельковський |
||
| 260 |
_aДніпропетровськ _bПороги _c2012 |
||
| 300 | _a266 с. | ||
| 490 | _aБібліотека "Видання журналу "Бористен"" | ||
| 591 | _aПасічник І. Д. | ||
| 650 | 7 |
_a23/28 Християнство. Християнська релігія _2UDC |
|
| 700 | _aХмельковський Л. | ||
| 942 |
_cBK _2udc |
||
| 955 | _a4 | ||
| 999 |
_c390895 _d390895 |
||